الثقافة الإسلامية : (رقم التسجيلة. 49042)

تفاصيل مارك
000 -الفاتح
عناصر البيانات ثابتة الطول 01009cam a2200253 i 4500
005 - تاريخ ووقت آخر معاملة
حقل ضبط 20251218092402.0
008 - عناصر البيانات ثابتة الطول
عناصر البيانات ثابتة الطول 250721s1999 jo gr 000 0 ara d
082 14 - رقم تصنيف ديوي العشري
رقم التصنيف 218.1
رقم المادة ث ق ا
100 1# - مدخل رئيسي – اسم شخصي
الاسم الشخصي السيد، عزمي طه
علاقة الشخص بالعمل/ دوره مؤلف.
245 12 - بيان العنوان
العنوان الثقافة الإسلامية :
بقية العنوان مفهومها - مصادرها - خصائصها - مجالاتها /
بيان المسؤولية د. عزمي طه السيد [وستة آخرون].
250 ## - بيان الطبعة
بيان الطبعة الطبعة الثالثة.
264 31 - بيانات النشر، التوزيع…إلخ
مكان النشر، التوزيع...إلخ عمان :
اسم الناشر، الموزع...إلخ دار المناهج للنشر و التوزيع،
تاريخ النشر، التوزيع...إلخ 1999.
300 ## - الوصف المادي
عدد الوحدات المكونة للوعاء 384 صفحة.
650 17 - مدخل إضافي بالموضوع - مصطلح موضوعي
مصطلح موضوعي أو اسم جغرافي كعنصر مدخل الإسلام.
650 17 - مدخل إضافي بالموضوع - مصطلح موضوعي
مصطلح موضوعي أو اسم جغرافي كعنصر مدخل الثقافة الإسلامية.
700 1# - مدخل إضافي - اسم شخصي
الاسم الشخصي قرعوش، كايد
علاقة الشخص بالعمل/ دوره مؤلف.
700 1# - مدخل إضافي - اسم شخصي
الاسم الشخصي الشلبي، محمد
علاقة الشخص بالعمل/ دوره مؤلف.
700 1# - مدخل إضافي - اسم شخصي
الاسم الشخصي الدبو، ابراهيم
علاقة الشخص بالعمل/ دوره مؤلف.
700 1# - مدخل إضافي - اسم شخصي
الاسم الشخصي السعد، وليد
علاقة الشخص بالعمل/ دوره مؤلف.
700 1# - مدخل إضافي - اسم شخصي
الاسم الشخصي البنا، نصر
علاقة الشخص بالعمل/ دوره مؤلف.
700 1# - مدخل إضافي - اسم شخصي
الاسم الشخصي القضاة، خالد
علاقة الشخص بالعمل/ دوره مؤلف.
942 ## - بيانات إضافية (كوها)
نوع التنصيف Dewey Decimal Classification
نوع المادة (كوها) كتب
المقتنيات
حالة السحب حالة الفقدان مصدر التصنيف حالة التلف غير قابل للإعارة المكتبة الرئيسية المكتبة الحالية موقع الرف تاريخ التزويد الرقم المتسلسل Total Checkouts رقم الإستدعاء تاريخ آخر ظهور تاريخ الفاتورة نوع المادة (كوها) الباركود
    Dewey Decimal Classification     المكتبة المركزية المكتبة المركزية الإعارة 28/12/2016 1613781   218.1 / ث ق ا 28/07/2025 28/12/2016 كتب PLD00402609
    Dewey Decimal Classification Unchecked   مكتبة الجويدة مكتبة الجويدة الإعارة 06/07/2004 5127   218.1/ثقا 28/07/2025 06/07/2004 كتب  
    Dewey Decimal Classification     مكتبة النصر العامة مكتبة النصر العامة الإعارة 27/10/2014 538268   218.1/ثقا 28/07/2025 27/10/2014 كتب PLD00308779
Implemented & Customized by: BBB with SCIT (Smart Chains for Information Technology)

Powered by Koha